Football: Équipe par palmarès #2. - Statistiques

Statistiques générales
  • Ce quiz a été pris 522 fois
  • Le résultat moyen est 8 sur 8
Statistiques - réponses
Palmarès Équipe % Correct
Coupe du monde: 5, JO: 1, Copa América: 9, Jeux panaméricains: 4 Brésil
100%
Coupe du monde: 2, Copa America: 14 Argentine
99%
Coupe du monde: 2, JO: 1, Euro: 2, France
98%
Championnat de France: 9, Coupe de France: 12, Coupe de la Ligue: 8, Championnat de France de Division 2 Paris SG
98%
Championnat d'Espagne: 33, Coupe d'Espagne: 19, Supercoupe d'Espagne: 11, Ligue des champions: 13, Coupe du monde des clubs: 4, Ligue Europa: 2, Supercoupe de l'UEFA: 4 Real Madrid
98%
Championnat d'Italie: 35, Coupe d'Italie: 13, Supercoupe d'Italie: 8, Serie B: 1, Ligue des champions: 2, Ligue Europa: 3, Supercoupe de l'UEFA: 2 Juventus
97%
Championnat d'Angleterre: 20, Championnat d'Angleterre de D2: 2, Coupe d'Angleterre: 12, Coupe de la Ligue: 5, Coupe du monde des clubs: 1, Ligue des champions: 3, Ligue Europa: 1, Supercoupe de l'UEFA: 1 Manchester United
96%
Coupe du monde: 1, JO: 3 Angleterre
89%
Aucun quiz correspondant
Distribution des résultats
% des personnes avec chaque résultat
Percentile par nombre de réponses
Votre historique - résultats
Vous n’avez pas pris ce quiz